Sztokholm - quiz wielokrotnego wyboru - Statystyki

Ogólne statystyki
  • Ten quiz został rozwiązany 522 razy
  • Średni wynik to 6 z 10
Statystyki odpowiedzi
Zagadnienie Odpowiedź % Poprawnych
Nad którym morzem leży Sztokholm? nad Bałtykiem
97%
Jakie wydarzenie odbywa się zawsze w ratuszu miasta? Ceremonia wręczenia Nagrody Nobla
92%
Która z tych postaci NIE pochodzi ze Sztokholmu? Magnus Carlsen
66%
Która z tych firm ma siedzibę w Sztokholmie? Spotify
64%
Co można znaleźć w szwedzkim metrze? Najdłuższą galerię sztuki
62%
Co znajduje się w Muzeum Vasa? Wrak statku
57%
Fabuła której z poniższych książek rozgrywa się w Sztokholmie? Dziewczyna z tatuażem
51%
Który z podanych zespołów / wykonawców nie pochodzi z miasta? Tiësto
46%
Jak nazywa się stare miasto w Sztokholmie? Gamla Stan
38%
Kim był Karol XIV Jan przed koronacją na króla Szwecji i Norwegii w 1818 roku? Marszałkiem Francji podczas wojen napoleońskich
34%
Nie znaleziono quizów pasujących do podanych kryteriów
Rozkład punktacji
Procent ludzi z każdym wynikiem
Percentyl według liczby udzielonych odpowiedzi
Twoja historia wyników
Nie rozwiązałeś tego quizu